[Event "Indywidualne Mistrzostwa Polski Juniorow do lat 16 - Chlopcy"]
[Site "Szklarska Poreba"]
[Date "1899-12-30"]
[Round "4.2"]
[White "Pniaczek, Marek"]
[Black "Niedbala, Bartlomiej"]
[Result "1/2-1/2"]
[WhiteTitle "CM"]
[BlackTitle "I++"]
[WhiteElo "2168"]
[BlackElo "2087"]

1. e4 e5 2. Nf3 Nc6 3. Bc4 Nf6 4. d3 Be7 5. O-O O-O 6. Re1 d6 7. c3 Kh8 8. Nbd2
Ng8 9. Nf1 f5 10. exf5 Bxf5 11. h3 Qd7 12. Ng3 Bg6 13. Bb5 a6 14. Ba4 b5 15. Bb3
Rae8 16. a4 Bf6 17. Be3 Nge7 18. Qd2 Nf5 19. Nxf5 Bxf5 20. axb5 axb5 21. Ra6 Ra8
22. Rea1 Rxa6 23. Rxa6 Ne7 24. Qe2 Be6 25. Bxe6 Qxe6 26. Ng5 Bxg5 27. Bxg5 Nd5
28. Qe4 h6 29. Bd2 Qf7 30. f3 Nf6 31. Qe2 Qd5 32. Ra7 Qc6 33. Kh2 Ra8 34. Rxa8+
Qxa8 35. f4 Qd5 36. fxe5 dxe5 37. Be1 Nd7 38. c4 Qd6 39. Bg3 bxc4 40. dxc4 c5
41. Qe4 Kg8 42. b3 Qe6 43. Kg1 Qd6 44. Kh2 Qe6 1/2-1/2

[Event "Indywidualne Mistrzostwa Polski Juniorow do lat 16 - Chlopcy"]
[Site "Szklarska Poreba"]
[Date "1899-12-30"]
[Round "4.3"]
[White "Czopor, Maciej"]
[Black "Bachor, Tomasz"]
[Result "1/2-1/2"]
[WhiteTitle "k"]
[BlackTitle "I+"]
[WhiteElo "2229"]
[BlackElo "2010"]

1. e4 c5 2. Nf3 g6 3. d4 cxd4 4. Nxd4 Nc6 5. Nc3 Bg7 6. Be3 Nf6 7. Bc4 Qa5 8. O-O
d6 9. f3 O-O 10. Bb3 Bd7 11. Qd2 Nxd4 12. Bxd4 Bc6 13. Rad1 Nd7 14. Bxg7 Kxg7
15. Kh1 Nf6 16. Rfe1 Rfd8 17. Re2 Rac8 18. Qe1 Qe5 19. Qf2 b6 20. Red2 g5 21.
Bd5 Bxd5 22. exd5 Rd7 23. Re1 Qf5 24. Qd4 Rdc7 25. Rde2 Rc4 26. Qd2 R8c5 27. Rxe7
Nxd5 28. Rxa7 Nxc3 29. bxc3 Rxc3 30. Qxd6 Rxc2 31. Qxb6 Qe5 32. Qb1 Qc3 1/2-1/2

[Event "Indywidualne Mistrzostwa Polski Juniorow do lat 16 - Chlopcy"]
[Site "Szklarska Poreba"]
[Date "1899-12-30"]
[Round "4.4"]
[White "Kozlowski, Michal"]
[Black "Teclaf, Pawel"]
[Result "0-1"]
[WhiteTitle "I+"]
[BlackTitle "CM"]
[WhiteElo "1826"]
[BlackElo "2460"]

1. e4 c5 2. Nf3 e6 3. d4 cxd4 4. Nxd4 Nf6 5. f3 Nc6 6. c4 d5 7. cxd5 exd5 8. Bb5
Bd7 9. Bxc6 bxc6 10. exd5 Nxd5 11. O-O Be7 12. Nc3 Nf6 13. Be3 O-O 14. Rc1 Qb8
15. Qc2 Bd6 16. g3 Re8 17. Bf2 h5 18. Rfd1 h4 19. Nde2 hxg3 20. hxg3 c5 21. Qd2
Bc7 22. Nf4 Bc6 23. Ncd5 Bxd5 24. Nxd5 Nxd5 25. Qxd5 Bxg3 26. Qxc5 Qf4 27. Rc3
Re2 28. Rf1 Qh4 0-1

[Event "Indywidualne Mistrzostwa Polski Juniorow do lat 16 - Chlopcy"]
[Site "Szklarska Poreba"]
[Date "1899-12-30"]
[Round "4.5"]
[White "Gorkiewicz, Mateusz"]
[Black "Szczurek, Krzysztof"]
[Result "1/2-1/2"]
[WhiteTitle "I"]
[BlackTitle "FM"]
[WhiteElo "1990"]
[BlackElo "2164"]

1. e4 c5 2. Nf3 d6 3. d4 cxd4 4. Nxd4 Nf6 5. Nc3 a6 6. a4 e5 7. Nf3 Be7 8. Bg5
Be6 9. Bxf6 Bxf6 10. Nd5 Bxd5 11. Qxd5 Qc7 12. Bc4 O-O 13. O-O Nd7 14. Bb3 Nc5
15. Rfd1 Be7 16. Nd2 Ne6 17. g3 Kh8 18. Nf1 g6 19. Ne3 Rac8 20. c3 Qb6 21. a5
Qa7 22. Nc4 Ng5 23. Nxd6 Bxd6 24. Qxd6 f6 25. Qb6 Qxb6 26. axb6 Rc6 27. h4 Rxb6
28. Bd5 Nf7 29. Rd2 Nd6 30. Rad1 Re8 31. Bc6 bxc6 32. Rxd6 Rxb2 33. Rxc6 a5 34.
Ra6 Re7 35. Rxa5 Rc7 36. Rc1 Rb3 37. c4 Rb4 38. c5 Rxe4 39. Ra6 Kg7 40. c6 Rb4
41. Rd1 Kf7 42. Rd7+ Rxd7 43. cxd7 Rd4 44. Ra7 Ke6 45. d8=Q 1/2-1/2

[Event "Indywidualne Mistrzostwa Polski Juniorow do lat 16 - Chlopcy"]
[Site "Szklarska Poreba"]
[Date "1899-12-30"]
[Round "4.6"]
[White "Sanz Wawer, Daniel"]
[Black "Skurniak, Szymon"]
[Result "1/2-1/2"]
[WhiteTitle "k"]
[BlackTitle "I"]
[WhiteElo "2146"]
[BlackElo "1970"]

1. d4 Nf6 2. c4 g6 3. f3 Bg7 4. e4 d6 5. Nc3 O-O 6. Nge2 c5 7. d5 e6 8. Ng3 exd5
9. cxd5 a6 10. a4 h5 11. Bg5 Qe8 12. Qd2 Nh7 13. Bh6 h4 14. Bxg7 Kxg7 15. Nge2
Nd7 16. Nf4 Ne5 17. Be2 Bd7 18. O-O Qd8 19. Kh1 Qa5 20. b3 Qb4 21. Nd3 Qd4 22.
Rad1 Nxd3 23. Bxd3 f5 24. exf5 Bxf5 25. Qc2 Bxd3 26. Rxd3 Qf4 27. Rdd1 Nf6 28.
Ne2 Qe3 29. Ng1 Rae8 30. Nh3 Re5 31. Qc4 g5 32. Rd3 Qe2 33. Rdd1 Qe3 34. Rd3 Qe2
35. Rdd1 Qe3 1/2-1/2

[Event "Indywidualne Mistrzostwa Polski Juniorow do lat 16 - Chlopcy"]
[Site "Szklarska Poreba"]
[Date "1899-12-30"]
[Round "4.7"]
[White "Suder, Jakub"]
[Black "Redzisz, Michal"]
[Result "1-0"]
[WhiteTitle "I++"]
[BlackTitle "k"]
[WhiteElo "1868"]
[BlackElo "2117"]

1. d4 Nf6 2. c4 e6 3. Nc3 Bb4 4. Qc2 d5 5. cxd5 exd5 6. Bg5 O-O 7. e3 h6 8. Bxf6
Qxf6 9. a3 Bxc3+ 10. Qxc3 c6 11. Ne2 Nd7 12. Ng3 Nb6 13. Bd3 Be6 14. O-O Rac8
15. Qa5 Ra8 16. b3 Qe7 17. Qc3 Nd7 18. a4 g6 19. b4 h5 20. Rfe1 h4 21. Nf1 h3
22. g3 Qf6 23. Nd2 Rfe8 24. f3 Rad8 25. a5 a6 26. Rf1 Qg7 27. Rae1 Nf6 28. Nb3
Bc8 29. Bc2 Re7 30. Nc5 Rde8 31. e4 dxe4 32. fxe4 Nd7 33. Nxd7 Rxd7 34. e5 Rde7
35. Bb3 Bf5 36. Rf4 Qh6 37. Ref1 Qg5 38. g4 Kg7 39. Qg3 Be6 40. Bxe6 fxe6 41.
Qxh3 Rd7 42. Qf3 Qe7 43. Kh1 Red8 44. Rf6 Qe8 45. Qf4 Re7 46. Rf3 Qd7 47. Rf8
Qxd4 48. Qf6+ Kh6 49. Rh3# 1-0

[Event "Indywidualne Mistrzostwa Polski Juniorow do lat 16 - Chlopcy"]
[Site "Szklarska Poreba"]
[Date "1899-12-30"]
[Round "4.8"]
[White "Fiedorek, Michal"]
[Black "Kulesza, Andrzej"]
[Result "1/2-1/2"]
[WhiteTitle "k"]
[BlackTitle "I+"]
[WhiteElo "2049"]
[BlackElo "1913"]

1. e4 e5 2. Nf3 Nc6 3. Bb5 a6 4. Ba4 Nf6 5. O-O Be7 6. Re1 b5 7. Bb3 d6 8. a4 Bg4
9. c3 O-O 10. d3 Na5 11. Bc2 c5 12. Nbd2 c4 13. h3 cxd3 14. Bxd3 Bd7 15. b4 Nb7
16. axb5 axb5 17. Rxa8 Qxa8 18. Qe2 Qa6 19. Nf1 Qc6 20. Bb2 Ra8 21. Ne3 Nd8 22.
Rc1 Qb7 23. Qc2 g6 24. Nf1 Ne6 25. g3 Ne8 26. Kh2 N8g7 27. Ne3 Ng5 28. Nxg5 Bxg5
29. Re1 Be6 30. Qe2 Bd7 31. Nd5 Bc6 32. c4 bxc4 33. Bxc4 Rb8 34. h4 Bd8 35. Qf3
Ne6 36. Bc3 Bb5 37. Bb3 Ra8 38. Bb2 Rc8 39. Rd1 Kg7 40. Kg2 Qa6 41. Ra1 Qb7 42.
Rd1 Qa6 43. Ra1 Qb7 44. Qe3 Ra8 45. Rxa8 Qxa8 46. f4 Qb8 47. fxe5 dxe5 48. Qd2
1/2-1/2

[Event "Indywidualne Mistrzostwa Polski Juniorow do lat 16 - Chlopcy"]
[Site "Szklarska Poreba"]
[Date "1899-12-30"]
[Round "4.9"]
[White "Golecki, Jan"]
[Black "Dalkowski, Rafal"]
[Result "0-1"]
[WhiteTitle "I++"]
[BlackTitle "II"]
[WhiteElo "1995"]
[BlackElo "1607"]

1. e4 c6 2. d4 d5 3. Nc3 dxe4 4. Nxe4 Bf5 5. Ng3 Bg6 6. h4 h6 7. Nf3 Nd7 8. h5
Bh7 9. Bd3 Bxd3 10. Qxd3 Ngf6 11. Bd2 e6 12. O-O-O Be7 13. Qe2 Qb6 14. Ne5 Rd8
15. c4 c5 16. d5 Nxe5 17. Qxe5 O-O 18. dxe6 Qxe6 19. Qxe6 fxe6 20. Rhe1 Kf7 21.
Re2 Rfe8 22. f3 Bd6 23. Ne4 Nxe4 24. Rxe4 Be7 25. Rde1 Bf6 26. Be3 b6 27. g4 e5
28. Rd1 Rxd1+ 29. Kxd1 Re6 30. Kc2 Ke7 31. Bd2 Kd7 32. Bc3 Kd6 33. Re1 Ke7 34.
Kd3 Rd6+ 35. Kc2 Re6 36. a3 a5 37. Kb3 Kd7 38. Ka4 Kc6 39. Re4 Re7 40. b3 Kc7
41. Kb5 Kb7 42. Re3 Kc7 43. b4 axb4 44. axb4 cxb4 45. Bxb4 Rd7 46. Bc3 Re7 47.
Re1 Re6 48. Re2 Re8 49. Ra2 Kb7 50. Rd2 Kc7 51. Re2 Re6 52. Bb4 Re8 53. Ra2 Kb7
54. Rd2 e4 55. f4 Kc7 56. Rd5 e3 57. g5 hxg5 58. fxg5 Bb2 59. Be1 e2 60. h6 gxh6
61. gxh6 Ra8 62. Bg3+ Kb7 63. Rd7+ Kc8 64. Re7 Ra5+ 65. Kxb6 Re5 66. Rc7+ Kd8
67. Bh4+ Ke8 68. h7 0-1

[Event "Indywidualne Mistrzostwa Polski Juniorow do lat 16 - Chlopcy"]
[Site "Szklarska Poreba"]
[Date "1899-12-30"]
[Round "4.10"]
[White "Dixa, Oskar"]
[Black "Lichorad, Mateusz"]
[Result "0-1"]
[WhiteTitle "k"]
[BlackTitle "I"]
[WhiteElo "2101"]
[BlackElo "1752"]

1. e4 c5 2. Nf3 e6 3. d4 cxd4 4. Nxd4 Nc6 5. Nc3 Qc7 6. Be2 a6 7. O-O Nf6 8. Be3
Be7 9. f4 d6 10. Kh1 Nxd4 11. Bxd4 e5 12. fxe5 dxe5 13. Rxf6 Bxf6 14. Nd5 Qc6
15. Bc3 O-O 16. Bxe5 Bd8 17. Qd4 f6 18. Bc7 Kh8 19. Qb4 Re8 20. Bh5 g6 21. Bxd8
Rxd8 22. Bf3 Qd6 23. Qc3 Kg7 24. Re1 Qe5 25. Qb4 a5 26. Qb6 Rxd5 27. Re3 Qd4 28.
Qc7+ Rd7 29. Qg3 Qxe3 0-1

[Event "Indywidualne Mistrzostwa Polski Juniorow do lat 16 - Chlopcy"]
[Site "Szklarska Poreba"]
[Date "1899-12-30"]
[Round "4.11"]
[White "Strzelecki, Maciej"]
[Black "Kopec, Norbert"]
[Result "1/2-1/2"]
[WhiteTitle "k"]
[BlackTitle "I"]
[WhiteElo "2032"]
[BlackElo "1826"]

1. e4 c5 2. Nf3 d6 3. d4 cxd4 4. Nxd4 Nf6 5. Nc3 g6 6. Be3 Bg7 7. f3 Nc6 8. Bc4
Bd7 9. Qd2 Rc8 10. Bb3 O-O 11. O-O-O Ne5 12. Kb1 Re8 13. h4 h5 14. g4 Nc4 15.
Bxc4 Rxc4 16. gxh5 Nxh5 17. Nce2 Qc7 18. Bh6 Bf6 19. Rhg1 Rc8 20. Rc1 Qb6 21.
Be3 Kh7 22. f4 a5 23. f5 a4 24. fxg6+ fxg6 25. c3 Qa6 26. Bg5 Bc6 27. Bxf6 Bxe4+
28. Ka1 exf6 29. Nf4 Nxf4 30. Qxf4 d5 31. Rcf1 a3 32. Qxf6 axb2+ 33. Kxb2 Qxf6
34. Rxf6 Rxc3 35. h5 gxh5 36. Nf5 Rc2+ 37. Kb3 R8c3+ 38. Kb4 Rc4+ 39. Kb3 R4c3+
1/2-1/2

[Event "Indywidualne Mistrzostwa Polski Juniorow do lat 16 - Chlopcy"]
[Site "Szklarska Poreba"]
[Date "1899-12-30"]
[Round "4.12"]
[White "Piekielny, Pawel"]
[Black "Zabron, Maksym"]
[Result "1/2-1/2"]
[WhiteTitle "I++"]
[BlackTitle "I"]
[WhiteElo "2017"]
[BlackElo "1678"]

1. e4 e5 2. Nf3 Nc6 3. Bb5 a6 4. Ba4 Nf6 5. O-O Be7 6. Re1 b5 7. Bb3 O-O 8. c3
d5 9. d4 exd4 10. e5 Ne4 11. Nxd4 Nxd4 12. cxd4 Bb7 13. Bc2 c5 14. f3 Ng5 15.
Bxg5 Bxg5 16. dxc5 d4 17. Qd3 g6 18. Nd2 Bf4 19. e6 Be3+ 20. Kh1 fxe6 21. Bb3
Bd5 22. Nf1 Rxf3 23. Nxe3 Rxe3 24. Rxe3 dxe3 25. Qxe3 Bxb3 26. axb3 Qd5 27. Re1
Re8 28. b4 Qc4 29. Qd2 e5 30. Rc1 Qe6 31. c6 Rc8 32. c7 Qe7 33. Qd5+ Kg7 34. Qb7
Qd7 35. h3 Kf7 36. Qf3+ Kg8 37. Qc3 Qe7 38. Qc6 Kg7 39. Qb7 Qd7 40. Qe4 Qe7 41.
Qc6 Kf7 42. Qb7 Qd7 43. Rc5 Kg8 44. Qxa6 Rxc7 45. Qxb5 Qxb5 46. Rxb5 e4 47. Rc5
Rd7 48. Re5 Rd4 49. b5 Rb4 50. Kh2 Rxb2 51. Kg3 e3 52. Kf3 e2 53. Kf2 Kf7 54.
Rc5 Kg7 55. g4 Kf7 56. Rc7+ Kg8 57. Rb7 h5 58. g5 Kh8 59. b6 Kg8 60. Rb8+ Kg7
61. b7 Kh7 62. Ke1 Kg7 63. Kf2 Kh7 64. Ke1 Kg7 65. Kf2 1/2-1/2

[Event "Indywidualne Mistrzostwa Polski Juniorow do lat 16 - Chlopcy"]
[Site "Szklarska Poreba"]
[Date "1899-12-30"]
[Round "4.13"]
[White "Ossolinski, Ziemowit"]
[Black "Distel, Pawel"]
[Result "1/2-1/2"]
[WhiteTitle "I+"]
[BlackTitle "I"]
[WhiteElo "1946"]
[BlackElo "1751"]

1. e4 c6 2. d4 d5 3. Nc3 dxe4 4. Nxe4 Nf6 5. Nxf6+ exf6 6. Be3 Bd6 7. Bd3 O-O 8.
Ne2 Bf5 9. O-O Bxd3 10. Qxd3 Qc7 11. g3 Nd7 12. c4 c5 13. Rfd1 Rad8 14. Rac1 cxd4
15. Nxd4 Bc5 16. Nb5 Qb6 17. b4 Bxe3 18. Qxe3 a6 19. Qxb6 Nxb6 20. Nd6 Rd7 21.
c5 Na8 22. c6 bxc6 23. Rxc6 Nc7 24. Rdc1 h6 25. Ne4 Rd4 26. Nxf6+ gxf6 27. Rxc7
Rxb4 28. R1c6 Ra4 29. Rxf6 Rxa2 30. Ra7 Kg7 31. Rfxa6 Rxa6 32. Rxa6 Rc8 33. Kg2
f6 34. g4 Rc5 35. Kg3 h5 36. h3 hxg4 37. hxg4 Rc3+ 38. f3 Kg6 39. Re6 Kf7 40.
Re4 Kg6 41. Kf4 Rc6 42. Re3 Rc4+ 43. Kg3 Rc1 44. Re8 Rc3 45. Kf4 Rc4+ 46. Re4
Rc3 47. Re3 Rc4+ 48. Kg3 Rc1 49. Rd3 Ra1 50. f4 Rg1+ 51. Kh4 Rh1+ 52. Rh3 Rb1
53. f5+ Kg7 54. Rh2 Ra1 55. Rh3 Rb1 56. g5 fxg5+ 57. Kxg5 Rg1+ 58. Kf4 Rf1+ 59.
Rf3 Rxf3+ 60. Kxf3 Kf6 61. Ke4 1/2-1/2

[Event "Indywidualne Mistrzostwa Polski Juniorow do lat 16 - Chlopcy"]
[Site "Szklarska Poreba"]
[Date "1899-12-30"]
[Round "4.14"]
[White "Kucharski, Bartlomiej"]
[Black "Panek, Bartosz"]
[Result "0-1"]
[WhiteTitle "I+"]
[BlackTitle "I"]
[WhiteElo "1945"]
[BlackElo "1946"]

1. d4 Nf6 2. Bf4 c5 3. d5 g6 4. Nc3 Bg7 5. e4 d6 6. Bc4 Nbd7 7. Nge2 O-O 8. a4
Nh5 9. Be3 Ne5 10. Ba2 f5 11. f3 fxe4 12. Nxe4 Rxf3 13. gxf3 Nxf3+ 14. Kf2 Qf8
15. Ng1 Nh4+ 16. Ke1 Ng2+ 17. Kd2 Nxe3 18. Kxe3 Qf4+ 19. Kd3 Bf5 20. Qf3 Qe5 21.
Ne2 Nf6 22. N2g3 Qd4+ 23. Ke2 Bg4 24. Nxf6+ Bxf6 25. Qxg4 Qxg4+ 26. Kf2 Bd4+ 27.
Kg2 h5 28. h3 Qg5 29. h4 Qg4 30. Rae1 Rf8 31. c3 Rf2+ 0-1

[Event "Indywidualne Mistrzostwa Polski Juniorow do lat 16 - Chlopcy"]
[Site "Szklarska Poreba"]
[Date "1899-12-30"]
[Round "4.15"]
[White "Chaczynski, Kamil"]
[Black "Golenia, Wojciech"]
[Result "1/2-1/2"]
[WhiteTitle "I"]
[BlackTitle "k"]
[WhiteElo "1773"]
[BlackElo "2179"]

1. e4 d6 2. d4 Nf6 3. Nc3 g6 4. f4 Bg7 5. Nf3 O-O 6. Bd3 c5 7. dxc5 dxc5 8. O-O
Nc6 9. e5 Nd5 10. Nxd5 Qxd5 11. Qe2 Bf5 12. Bxf5 gxf5 13. Rd1 Qe4 14. Be3 Nb4
15. Rd2 Nd5 16. Bxc5 Qxe2 17. Rxe2 Rfc8 18. Ba3 Nxf4 19. Rd2 Rc7 20. Rad1 Ne6
21. c3 f6 22. Rd7 fxe5 23. Rxc7 Nxc7 24. Rd7 Ne8 25. Rxe7 e4 26. Nd4 Bxd4+ 27.
cxd4 Rc8 28. g4 Rc1+ 29. Kg2 Rc2+ 30. Kg3 Ng7 31. Rxb7 fxg4 32. Kxg4 Rxh2 33.
d5 e3 34. Re7 h5+ 35. Kg3 Rd2 36. Re5 Kf7 37. Kf4 e2 38. Kf3 Rxd5 39. Rxe2 Kf6
40. Be7+ Kf5 41. b4 Ne6 42. Kf2 Nf4 43. Rc2 Kg4 44. Bc5 h4 45. Be3 Nd3+ 46. Kg1
h3 47. Bxa7 Ne5 48. Bb8 h2+ 49. Rxh2 Nf3+ 50. Kf2 Nxh2 51. Bxh2 Rd2+ 52. Kg1 Kf3
53. Bc7 Rc2 54. Bd6 Rxa2 55. Bc5 Rc2 56. Bb6 Rg2+ 57. Kf1 Rb2 58. Ke1 Rxb4 59.
Bc5 Rc4 60. Bb6 Rc6 61. Ba7 Ra6 62. Bc5 Ra5 63. Bb6 Ra2 64. Bc5 Re2+ 65. Kd1 Rg2
66. Ke1 Rc2 67. Bb6 Ke4 68. Ba7 Ra2 69. Bb6 Kf3 70. Bc5 Re2+ 71. Kd1 Re5 72. Ba7
Ra5 73. Bb6 Ra6 74. Bc5 Rc6 75. Ba7 Rc7 76. Bb6 Rb7 77. Bc5 Ke4 78. Kd2 Rd7+ 79.
Ke2 Rh7 80. Bb6 Rh2+ 81. Ke1 Kf3 82. Bc5 Rh1+ 83. Kd2 Rh5 84. Ba7 Rb5 85. Ke1
Ke4 86. Kd2 Rb1 87. Bc5 Kf3 88. Ba7 Rb7 89. Bc5 Kg2 90. Ke2 Rf7 91. Kd2 Kf1 92.
Bb6 Rf6 93. Bc5 Ra6 94. Ke3 Ra5 95. Bb6 Rd5 96. Ke4 1/2-1/2

[Event "Indywidualne Mistrzostwa Polski Juniorow do lat 16 - Chlopcy"]
[Site "Szklarska Poreba"]
[Date "1899-12-30"]
[Round "4.16"]
[White "Pelka, Michal"]
[Black "Warchol, Bartosz"]
[Result "0-1"]
[WhiteTitle "I"]
[BlackTitle "I++"]
[WhiteElo "1745"]
[BlackElo "2033"]

1. c4 c5 2. g3 Nc6 3. Bg2 g6 4. Nc3 Bg7 5. d3 e5 6. e3 Nge7 7. Nge2 d6 8. O-O O-O
9. a3 a5 10. Nd5 Nxd5 11. cxd5 Ne7 12. e4 b5 13. Be3 Ba6 14. Qd2 b4 15. a4 c4
16. dxc4 Bxc4 17. Rfc1 Rc8 18. b3 Ba6 19. Rxc8 Qxc8 20. Rc1 Qb7 21. Bf1 f5 22.
f3 fxe4 23. fxe4 Qd7 24. Bg2 h5 25. h3 Kh7 26. Rc2 Rc8 27. Kh2 Rxc2 28. Qxc2 Qc8
29. Qxc8 Nxc8 30. Bf3 Bh6 31. Bf2 Bd3 32. g4 Bc2 33. gxh5 Bxb3 34. hxg6+ Kxg6
35. Bg4 Ne7 36. Bb6 Bc2 37. Bxa5 b3 38. Bc3 Bxe4 39. a5 Nxd5 40. a6 Nxc3 41. Nxc3
b2 42. h4 Bd2 43. h5+ Kg7 44. Bf5 Bxf5 45. a7 Bxc3 46. a8=Q b1=Q 47. h6+ Kxh6
48. Qf8+ Kg5 49. Qg7+ Kf4 50. Qg3+ Ke4 51. Qxc3 Qa2+ 52. Kg3 Kd5 53. Qf3+ Ke6
54. Qe3 Qc2 55. Qh6+ Kd5 56. Qf8 Qd3+ 57. Kf2 Qd2+ 58. Kg3 Qf4+ 0-1

[Event "Indywidualne Mistrzostwa Polski Juniorow do lat 16 - Chlopcy"]
[Site "Szklarska Poreba"]
[Date "1899-12-30"]
[Round "4.17"]
[White "Kania, Dominik"]
[Black "Oborski, Artur"]
[Result "0-1"]
[WhiteTitle "I"]
[BlackTitle "I++"]
[WhiteElo "1759"]
[BlackElo "2023"]

1. d4 Nf6 2. Bf4 c5 3. e3 Nd5 4. Bg3 Qb6 5. Nc3 Nxc3 6. bxc3 e6 7. Bd3 Nc6 8. Nf3
Qb2 9. O-O Qxc3 10. Ng5 c4 11. Qf3 Nd8 12. Ne4 Qb4 13. Rab1 Qa4 14. Nc3 Qc6 15.
Nb5 d6 16. Be4 Qd7 17. Qf4 f5 18. Bf3 Nf7 19. d5 e5 20. Qxc4 Kd8 21. Be2 Be7 22.
f3 b6 23. e4 f4 24. Bf2 Rb8 25. Qc6 Ba6 26. Qc4 Bxb5 27. Rxb5 g5 28. a4 Ke8 29.
a5 Bd8 30. Rfb1 Ke7 31. axb6 Bxb6 32. Bxb6 Rxb6 33. Rxb6 axb6 34. Rxb6 Qa7 35.
Qa6 Qxa6 36. Bxa6 Rd8 37. Kf2 h5 38. c4 g4 39. Bb5 h4 40. Rb7+ Kf6 41. Rc7 g3+
42. hxg3 hxg3+ 43. Kf1 Ra8 44. c5 Ra1+ 45. Ke2 Rg1 46. c6 Rxg2+ 47. Kf1 Rf2+ 48.
Kg1 Ng5 0-1

[Event "Indywidualne Mistrzostwa Polski Juniorow do lat 16 - Chlopcy"]
[Site "Szklarska Poreba"]
[Date "1899-12-30"]
[Round "4.18"]
[White "Mike, Patryk"]
[Black "Derylo, Kamil"]
[Result "1-0"]
[WhiteTitle "I+"]
[BlackTitle "I"]
[WhiteElo "1942"]
[BlackElo "1783"]

1. e4 e6 2. d4 d5 3. e5 c5 4. c3 Nc6 5. Nf3 Qb6 6. a3 c4 7. g3 Na5 8. Nbd2 Bd7
9. Bh3 Be7 10. O-O h5 11. Ne1 g5 12. Bg2 g4 13. f3 Nh6 14. Qe2 Ba4 15. Rf2 O-O-O
16. Nf1 Nb3 17. Rb1 Nxc1 18. Rxc1 Rdg8 19. Ne3 Qd8 20. f4 Nf5 21. Nxf5 exf5 22.
Nc2 Qd7 23. Ne3 Bc6 24. Qc2 h4 25. Qxf5 Qe6 26. Bxd5 Bxd5 27. Nxd5 Kd7 28. Ne3
hxg3 29. hxg3 Rh3 30. Rg2 b5 31. Kf2 a6 32. Qe4 Rb8 33. d5 Qg6 34. Qxg6 fxg6 35.
Nxg4 Bc5+ 36. Kf3 a5 37. Nf6+ Ke7 38. Ne4 Ba7 39. d6+ Kf8 40. e6 b4 41. e7+ 1-0

[Event "Indywidualne Mistrzostwa Polski Juniorow do lat 16 - Chlopcy"]
[Site "Szklarska Poreba"]
[Date "1899-12-30"]
[Round "4.19"]
[White "Jedrusik, Adam"]
[Black "Maciejewski, Kamil"]
[Result "0-1"]
[WhiteTitle "I"]
[BlackTitle "I"]
[WhiteElo "1693"]
[BlackElo "1930"]

1. d4 Nf6 2. Nf3 d5 3. Bg5 Ne4 4. Bf4 c5 5. e3 Qb6 6. Nc3 Qa5 7. Bxb8 Nxc3 8. Qd2
Rxb8 9. Qxc3 Qxc3+ 10. bxc3 e6 11. Bb5+ Bd7 12. Bxd7+ Kxd7 13. Ne5+ Ke8 14. Rb1
Bd6 15. Kd2 f6 16. Nf3 Kd7 17. Rb2 b6 18. Rhb1 e5 19. dxe5 fxe5 20. e4 Kc6 21.
Ke3 d4+ 22. Kd3 b5 23. c4 b4 24. Ne1 Rb6 25. Kd2 Ra6 26. Nd3 Ra3 27. Nc1 Be7 28.
Nd3 Bg5+ 29. Ke2 Re8 30. h4 Bf6 31. g3 Rc3 32. Ra1 a5 33. a3 bxa3 34. Rb5 Rxc2+
35. Kd1 Rxc4 36. Rxa5 Rc3 37. R1xa3 Rxa3 38. Rxa3 c4 39. Nb4+ Kb5 40. Nd5 Rc8
41. Ra7 c3 42. Rb7+ Ka6 43. Rb3 Ka5 44. Ra3+ Kb5 45. Rb3+ Ka4 46. Rb7 Rc6 47.
Ra7+ Kb3 48. Rb7+ Kc4 49. Kc2 d3+ 50. Kc1 Kd4 51. Rb4+ Rc4 52. Rb3 c2 53. Rb4
d2+ 0-1

[Event "Indywidualne Mistrzostwa Polski Juniorow do lat 16 - Chlopcy"]
[Site "Szklarska Poreba"]
[Date "1899-12-30"]
[Round "4.20"]
[White "Bojczewski, Mateusz"]
[Black "Koziorowicz, Michal"]
[Result "0-1"]
[WhiteTitle "I+"]
[BlackTitle "I++"]
[WhiteElo "1751"]
[BlackElo "1919"]

1. e4 c5 2. Nf3 e6 3. d4 cxd4 4. Nxd4 a6 5. Nc3 Nc6 6. Be3 Qc7 7. a3 Nf6 8. Be2
b5 9. O-O Bb7 10. Nxc6 Bxc6 11. Bf3 Be7 12. Qe2 O-O 13. Rad1 Rab8 14. Qd2 d6 15.
Qd3 a5 16. b4 Rfc8 17. Ne2 Qb7 18. Ng3 d5 19. exd5 Nxd5 20. bxa5 Nxe3 21. Bxc6
Rxc6 22. fxe3 Qc7 23. a6 Rxa6 24. Ra1 Qd6 25. Qxd6 Bxd6 26. Ne4 Bxa3 27. Rfb1
Raa8 28. Rb3 b4 29. Nd6 Rd8 30. Nc4 Rac8 31. Nxa3 bxa3 32. Rbxa3 Rxc2 33. Ra8
Rcc8 34. Rxc8 Rxc8 35. Kf2 h5 36. Ra5 g6 37. Kf3 Rc4 38. e4 Kg7 39. h3 Kf6 40.
h4 Rc1 41. Rb5 Ra1 42. Rc5 e5 43. Rc6+ Ke7 44. Kf2 Ra3 45. Rb6 Rc3 46. Rb7+ Ke6
47. Rb6+ Kd7 48. Rf6 Ke7 49. Ra6 Rd3 50. Ra7+ Ke6 51. Ra6+ Rd6 52. Ra8 Rb6 53.
Ra7 f5 54. exf5+ Kxf5 55. Ra5 Rb2+ 56. Kf3 Rb3+ 57. Kf2 Kf4 58. Ra6 Rb2+ 59. Kg1
Kf5 60. Ra5 Rb4 61. g3 Kg4 62. Rxe5 Kxg3 0-1

[Event "Indywidualne Mistrzostwa Polski Juniorow do lat 16 - Chlopcy"]
[Site "Szklarska Poreba"]
[Date "1899-12-30"]
[Round "4.21"]
[White "Trybus, Daniel"]
[Black "Majdanski, Maksymilian"]
[Result "1-0"]
[WhiteTitle "I+"]
[BlackTitle "I"]
[WhiteElo "1914"]
[BlackElo "1686"]

1. Nf3 Nf6 2. g3 d5 3. Bg2 c6 4. O-O Bf5 5. d3 e6 6. Nbd2 h6 7. Qe1 Bc5 8. e4 dxe4
9. dxe4 Bh7 10. Qe2 O-O 11. Rd1 Qe7 12. Ne1 b5 13. c4 a6 14. a4 h5 15. axb5 Bxf2+
16. Kxf2 Ng4+ 17. Kf1 f5 18. exf5 Rxf5+ 19. Ndf3 e5 20. h3 e4 21. hxg4 hxg4 22.
Qd2 gxf3 23. Qd8+ Kf7 24. Qxe7+ Kxe7 25. Bh3 Rh5 26. Bc8 cxb5 27. Be3 Nc6 28.
Bb7 Rf8 29. Bxc6 Rh1+ 30. Kf2 Rh2+ 31. Kf1 Rh1+ 32. Kf2 Rh2+ 33. Kg1 f2+ 34. Kxh2
f1=Q 35. Ng2 Qf5 36. Rd7+ Kf6 37. Bd4+ Kg5 38. Rd5 1-0

[Event "Indywidualne Mistrzostwa Polski Juniorow do lat 16 - Chlopcy"]
[Site "Szklarska Poreba"]
[Date "1899-12-30"]
[Round "4.22"]
[White "Paprocki, Stanislaw"]
[Black "Jankowski, Igor"]
[Result "1/2-1/2"]
[WhiteTitle "I"]
[BlackTitle "II+"]
[WhiteElo "1824"]
[BlackElo "1503"]

1. e4 c5 2. Nf3 Nc6 3. d4 cxd4 4. Nxd4 Nf6 5. Nc3 e5 6. Ndb5 d6 7. Nd5 Nxd5 8.
exd5 Nb8 9. c4 a6 10. Nc3 Be7 11. Bd3 O-O 12. O-O f5 13. Bc2 Nd7 14. b4 Nf6 15.
Re1 Ng4 16. h3 Nf6 17. Bb3 Kh8 18. Qe2 Ng8 19. Na4 Rf6 20. Bg5 Rg6 21. Bxe7 Qxe7
22. Nb6 Rb8 23. c5 Qg5 24. f4 Qxf4 25. cxd6 Qxb4 26. Nxc8 Rxc8 27. Qxe5 Rxd6 28.
Qxf5 Rcd8 29. Rad1 Nf6 30. Kh2 a5 31. Re5 a4 32. Bc2 g6 33. Qf3 Qb2 34. Re2 Qb5
35. Re7 Qc4 36. Re6 Rxe6 37. dxe6 Rf8 38. e7 Qc7+ 39. Kh1 Qxe7 40. Bxa4 Ne4 1/2-1/2

[Event "Indywidualne Mistrzostwa Polski Juniorow do lat 16 - Chlopcy"]
[Site "Szklarska Poreba"]
[Date "1899-12-30"]
[Round "4.23"]
[White "Musial, Tomasz"]
[Black "Bujalski, Mateusz"]
[Result "1/2-1/2"]
[WhiteTitle "k"]
[BlackTitle "I"]
[WhiteElo "1983"]
[BlackElo "1658"]

1. e4 c5 2. Nf3 Nc6 3. d4 cxd4 4. Nxd4 Nf6 5. Nc3 e6 6. Ndb5 Bb4 7. a3 Bc5 8. b4
Be7 9. Nd6+ Bxd6 10. Qxd6 Qe7 11. Nb5 Qxd6 12. Nxd6+ Ke7 13. Nxc8+ Raxc8 14. Bd3
Ne5 15. Ke2 d5 16. Bg5 dxe4 17. Bxe4 Rc4 18. f3 h6 19. Bxf6+ Kxf6 20. Rac1 Rhc8
21. Kd2 R8c7 22. c3 Ke7 23. Rhe1 Rd7+ 24. Kc2 Rcc7 25. Rcd1 Nc4 26. Kb3 Rxd1 27.
Rxd1 Ne3 28. Re1 Nxg2 29. Rg1 Nf4 30. Rxg7 Kf6 31. Rg8 Ke5 32. Rb8 b6 33. Rb7
Rxb7 34. Bxb7 Nd5 35. c4 Nc7 36. Kc3 f5 37. a4 Kd6 38. Bc8 Ne8 39. f4 Nf6 40.
Kd4 Ng4 41. h3 Nf2 42. h4 Ne4 43. Bb7 Nc5 44. bxc5+ bxc5+ 45. Ke3 a5 46. Bc8 1/2-1/2

[Event "Indywidualne Mistrzostwa Polski Juniorow do lat 16 - Chlopcy"]
[Site "Szklarska Poreba"]
[Date "1899-12-30"]
[Round "4.24"]
[White "Gardian, Adam"]
[Black "Cisek, Kamil"]
[Result "0-1"]
[WhiteTitle "I"]
[BlackTitle "I"]
[WhiteElo "1612"]
[BlackElo "1766"]

1. d4 Nf6 2. Bf4 g6 3. e3 Bg7 4. Nd2 d5 5. Bd3 O-O 6. Ngf3 c5 7. c3 Nc6 8. Ne5
Nd7 9. Nxc6 bxc6 10. O-O f6 11. h3 e5 12. Bh2 Qb6 13. Qb3 Ba6 14. Bxa6 Qxa6 15.
Qc2 c4 16. b4 Qb6 17. Rfb1 f5 18. Nf3 e4 19. Ne1 Bh6 20. a4 f4 21. Qe2 Qd8 22.
exf4 Bxf4 23. b5 Bxh2+ 24. Kxh2 c5 25. Rd1 cxd4 26. Rxd4 Nc5 27. f3 Nb3 28. Rad1
Nxd4 29. Rxd4 Qd6+ 30. Kh1 exf3 31. Nxf3 Rae8 32. Qd2 Rxf3 33. gxf3 Qg3 0-1